Settefacce /
Salvato in:
| Autore principale: | |
|---|---|
| Natura: | Libro |
| Lingua: | italiano |
| Pubblicazione: |
Milano :
Feltrinelli treveller,
1998
|
| Serie: | Ossigeno
|
| Tags: |
Nessun Tag, puoi essere il primo ad aggiungerne!!
|
MARC
| LEADER | 00000nam a2200000 i 4500 | ||
|---|---|---|---|
| 001 | IT\ICCU\TO0\0691799 | ||
| 003 | ItRI | ||
| 005 | 20260115231919.0 | ||
| 008 | 981119s1998 it |||||| ||||| |||||c | ||
| 015 | |2 IT |a 99-1087 | ||
| 020 | |a 8871083040 | ||
| 040 | |b ita |c importazione bologna sebina | ||
| 041 | 7 | |a ita |2 ISO-639-2 | |
| 082 | |a 853.914 |9 NARRATIVA ITALIANA. 1945- |2 20 | ||
| 100 | 0 | |a Ozono Boy |0 IT\ICCU\TO0V\309039 |4 aut | |
| 245 | 1 | 0 | |a Settefacce / |c Ozono Boy. |
| 260 | |a Milano : |b Feltrinelli treveller, |c 1998 | ||
| 300 | |a 92 p. ; |c 20 cm | ||
| 790 | 1 | |a Boy, Ozono |3 IT\ICCU\CFIV\169678 |z Ozono Boy | |
| 830 | 0 | |a Ossigeno |0 IT\ICCU\REA\0042166 | |
| 942 | |2 ddc |c BK |n 0 | ||
| 952 | |0 0 |1 0 |4 0 |6 DOC_853_914000000000000_BOY |7 0 |9 16319 |a BO |b BO |d 2026-01-15 |i 11523 |l 0 |o DOC 853.914 BOY |p BO11523 |r 2026-01-15 23:19:19 |w 2026-01-15 |x [Sebina 5] [1 v.] |y BK |z 1 v. | ||
| 999 | |c 14000 |d 14000 | ||